000 00582nam a2200205 i 4500
001 132842
003 ES-MaACL
005 20250817051947.0
007 t|
008 070214s1909 fr r ||||1| fre d
100 1 _aRosenthal, Léon.
_999763
245 1 3 _aLa gravure /
_cLeon Rosenthal.
260 _aParis :
_bEvreux Ch. Herissey,
_c1909.
300 _a472 p. :
_bil. ;
_c26 cm.
490 1 _aManuel d'histoire d'art
650 0 7 _aGrabado
_2embne
_913138
830 0 _aManuel d'histoire d'art
_9219677
852 _aES-MaACL
_jF-2122
999 _c132842
_d132842